1747 1642 1390 1963 1277 1661 1211 1365 1535 1784 1016 1022 1548 1337 1589 1361 1963 1702 1537 1746 1202 1510 1814 1087 1419 1358 1598 1782 1303 1291 1194 1228 1655 1508 1595 1006 1660 1210 1390 1823 1170 1245 1561 1914 1145 1757 1858 1496 1916 1705 1258 1308 1226 1392 1817 1426 1394 1755 1699 1820 1873 1183 1561 1243 1683 1989 1659 1859 1816 1502 1465 1619 1600 1815 1042 1142 1210 1645 1004 1248 1836 1628 1533 1379 1738 1981 1810 1062 1974 1709 1510 1931 1177 1492 1464 1870 1977 1794 1985 BCNSPRNW ULIB Ver.6.0+V

เปลี่ยนเป็นภาษาไทย

Change to English
 แสดงรายละเอียดบรรณานุกรม
  กลับหน้าหลัก

Brief Record : Get Marc (ISO 2709) : E-mail record : QR code < ปิดหน้าต่าง
LEADER : 00000nam 2200000uu 4500
001    13399127642
003     ULIB
008    210311s2562||||th 000 0 tha d
020 ^  ^a9786160036257
050 ^  ^aนว^bท165ส
100 0  ^aทรายชมพู.
245 1  ^aเสน่ห์ร้ายเพทุบายรัก /^cทรายชมพู.
250 ^  ^aพิมพ์ครั้งที่ 1.
260 ^  ^aกรุงเทพฯ :^bSugar Beat,^c2562.
300 ^  ^a504 หน้า ;^c21 ซม.
650 ^  ^aนวนิยายไทย.
945    ^p350^l0^i007991
999    ^aประนอม เกษจรัล
รายการนี้ยังไม่มีแท็ก
คุณยังไม่ได้ล็อกอิน คุณสามารถมีกิจกรรมร่วมกับเว็บไซต์ได้ แต่ต้องล็อกอินก่อน ::
  ล็อกอิน

รายการสื่อสารสนเทศ

ลำดับที่ ประเภท เลขเรียก/บาร์โค้ด สถานที่ สถานะ
1. นวนิยาย
นวนิยาย
นว ท165ส ฉ.1 
  Barcode: 007991
ห้องสมุดวิทยาเขตสวรรค์ประชารักษ์
►หนังสือทั่วไป
บนชั้น

รายการใกล้เคียง
    ผู้แต่ง [ทรายชมพู.]

    หัวเรื่อง [นวนิยายไทย.]

BibComment


ยังไม่เคยถูกคอมเมนท์

คอมเมนท์ทรัพยากรรายการนี้
  คอมเมนท์: เสน่ห์ร้ายเพทุบา..


 Copyright 2026. Bcnsprnw @Library